Culture générale - Quiz #44 - Statistiques

Statistiques générales
  • Ce quiz a été pris 96 196 fois
  • Le résultat moyen est 11 sur 20
Statistiques - réponses
Question Réponse % Correct
Quel pays possède un drapeau composé d'un rond rouge sur fond blanc ? Japon
98%
Qui est le dieu grec des mers et des séismes ? Poséidon
93%
Selon le Coran, un homme peut en avoir une, deux, trois ou quatre. De quoi s'agit-il ? Des femmes
92%
À quel pays est rattaché le Groenland ? Danemark
80%
Dans la culture populaire, quels animaux apportent les bébés à leurs parents ? Cigognes
79%
Dans la saga Star Wars, quel nom porte le petit droïde bleu et blanc à roulettes ? R2-D2
79%
Quel groupe ethnique est connu pour aider les alpinistes à gravir le mont Everest ? Sherpas
64%
Comment appelle-t-on un polygone à 10 côtés ? Décagone
61%
Dans quel pays se situe la Basse-Californie ? Mexique
54%
Dans quel recueil Shéhérazade conte-t-elle des histoires chaque nuit à un sultan afin de retarder son exécution ? Les Mille et Une Nuits
47%
Quelle ville française est célèbre pour ses nougats ? Montélimar
46%
De quelle ville sont originaires les biscuiteries BN et LU ? Nantes
45%
Quelle région tire son nom d'une race mythique de géants, les Patagons, que Magellan prétendit avoir vu lors de son voyage autour du monde ? La Patagonie
44%
De quoi a peur quelqu'un atteint d'acrophobie ? Hauteur / vide
40%
Quel adjectif en N désigne un individu ou un animal capable de voir dans la pénombre ? Nyctalope
40%
Sous quel nom est connue la loi statuant "Œil pour œil, dent pour dent" ? Loi du talion
37%
Quel état des Etats-Unis touche quatre des Grands Lacs ? Michigan
37%
Il se produit une fois par an et est nommé d'après le dieu Romain Janus. De quoi s'agit-il ? Janvier
33%
Qui fut le premier président Russe élu démocratiquement ? Boris Eltsine
18%
De quel royaume provient le code de Hammurabi, faisant la plus ancienne mention de cette loi ? Babylone
16%
Aucun quiz correspondant
Distribution des résultats
% des personnes avec chaque résultat
Percentile par nombre de réponses
Votre historique - résultats
Vous n’avez pas pris ce quiz